00853cam a22002532a 450000100060000000300080000600500170001400800410003103500190007204000270009104100080011808200180012610000470014424500720019125000170026326000270028030000290030750000200033665000250035670000470038194200120042899900170044095201420045716475BD-RjUL20211209000020.0140213s1954 enka 001 0 eng d a(BD-RjUL)16530 aOCPcOCPdBD-RjULbeng aeng00a720bWIP 19541 aWilliams-Ellis, Clough,d1883-1978.95093614aThe pleasures of architecture /cby Clough & Amabel Williams-Ellis. aNew version. aLondon :bCape,c1954. a224 p. :bill. ;c21 cm. aIncludes index. 0aArchitecture.9509371 aWilliams-Ellis, Amabel,d1894-1984.950938 2ddccBK c16475d16475 00102ddc40718NFICaRUCLbRUCLcReadingd1955-06-09eAllies Book Cop.g9.00l0o720 WIP 1954r2014-02-13 00:00:00tC-1w2014-02-13yBK